Statistics for Former Clubs Guess The Soccer Player

Click here to take the quiz!

General Stats

  • This quiz has been taken 100 times
  • The average score is 8 of 10

Answer Stats

HintAnswer% Correct
Sporting -> Manchester United -> Real Madrid -> Juventus -> Manchester United -> Al NassrCristiano Ronaldo
100%
Genk -> Chelsea -> Wolfsburg -> Manchester CityKevin De Bruyne
87%
Lech Poznan -> Borussia Dortmund -> Bayern Munich -> BarcelonaRobert Lewandowski
84%
Malmo FF -> Ajax -> Juventus -> Inter Milan -> Barcelona -> AC Milan -> PSG -> Manchester United -> LA Galaxy -> AC MilanZlatan Ibrahimovic
84%
Basel -> Chelsea -> Florentina -> Roma -> LiverpoolMohammed Salah
83%
Anderlecht -> Chelsea -> Everton -> Manchester United -> Inter Milan -> ChelseaRomelu Lukaku
72%
Nacional -> Groningen -> Ajx -> Liverpool -> Barcelona -> Atletico Madrid -> Nacional -> GremioLuis Suarez
70%
Metz B -> Metz -> Red Bull Salzburg -> Southampton -> Liverpool -> Bayern MunichSadio Mane
65%
Cobreloa -> Udinese -> Barcelona -> Arsenal -> Manchester United -> Inter Milan -> MarseilleAlexis Sanchez
56%
RS Futebol -> Juventude -> Porto B -> Dynamo Moscow -> Fluminense -> AC Milan -> PSG -> ChelseaThiago Silva
52%

Score Distribution

Percentile by Number Answered

Percent of People with Each Score

Your Score History

You have not taken this quiz